TINTINALLI'S EMERGENCY MEDICINE EXAMINATION & BOARD REVIEW (Record no. 30846)

MARC details
000 -LEADER
fixed length control field 00470nam a22001697a 4500
003 - CONTROL NUMBER IDENTIFIER
control field SGT
020 ## - INTERNATIONAL STANDARD BOOK NUMBER
International Standard Book Number 9781260025941
082 ## - DEWEY DECIMAL CLASSIFICATION NUMBER
Classification number 616.025
Item number T23P
100 ## - MAIN ENTRY--PERSONAL NAME
Personal name PROMES, SUSAN B.
245 ## - TITLE STATEMENT
Title TINTINALLI'S EMERGENCY MEDICINE EXAMINATION & BOARD REVIEW
250 ## - EDITION STATEMENT
Edition statement 3RD
260 ## - PUBLICATION, DISTRIBUTION, ETC. (IMPRINT)
Place of publication, distribution, etc NEW YORK
Name of publisher, distributor, etc MC GRAW HILL PUB
Year of Publication 2023
300 ## - PAGE DESCRIPTION
No. of Pages 314
650 ## - SUBJECT ADDED ENTRY--TOPICAL TERM
Topical term or geographic name as entry element EMERGENCY MEDICINE
653 ## - KEYWORDS--INDEX TERM
Keyword term TINTINALLI'S EMERGENCY MEDICINE EXAMINATION & BOARD REVIEW
942 ## - ADDED ENTRY ELEMENTS (KOHA)
Source of classification or shelving scheme Dewey Decimal Classification
Koha item type Books
Holdings
Withdrawn status Lost status Source of classification or shelving scheme Damaged status Not for loan Collection code Home library Current library Shelving location Date acquired Vendor Name Cost, normal purchase price SGTU Bill Number Total Checkouts Full call number Accession No. (Barcode) Checked out Date last seen Date last borrowed Bill Date Koha item type
    Dewey Decimal Classification     MEDICAL SGT Medical Library SGT Medical Library Reference Book 23/03/2025 ABC DELHI 8969.00 SGTU 20800 3 616.025 T23P FM15131 09/06/2026 26/05/2026 26/05/2026 23/03/2025 Books
    Dewey Decimal Classification   Not For Loan MEDICAL SGT Medical Library SGT Medical Library Reference Book 23/03/2025 ABC DELHI 8969.00 SGTU 20800   616.025 T23P FM15132   15/04/2025   23/03/2025 Books
    Dewey Decimal Classification   Not For Loan MEDICAL SGT Medical Library SGT Medical Library Reference Book 23/03/2025 ABC DELHI 8969.00 SGTU 20800   616.025 T23P FM15133   15/04/2025   23/03/2025 Books